| 000 | 02579nam0a2200397 4500 | ||
|---|---|---|---|
| 001 | RU\NLR\BIBL_A\022767153 | ||
| 005 | 20260629062735.0 | ||
| 010 |
_a978-5-8149-4030-8 _940 |
||
| 021 |
_aRU _bКН-П-26-006462 _9КН-П-26-0628 |
||
| 035 | _a(NLR Aleph) 022767153 | ||
| 090 |
_a13717777 _c13717777 |
||
| 100 | _a20260326d2025 km y0rusy50 ca | ||
| 101 | 0 | _arus | |
| 102 | _aRU | ||
| 105 | _aa j 000yy | ||
| 181 | 0 |
_ai3 _baxxe |
|
| 182 | 0 | _an | |
| 200 | 1 |
_aМетрологическое обеспечение геометрических характеристик изделий _eучебник _eдля студентов направления 27.03.01 "Стандартизация и метрология", а также всех технических специальностей _fВ. И. Глухов, Л. Г. Варепо, О. В. Трапезникова, Д. Б. Мартемьянов _gМинобрнауки России, Федеральное государственное автономное образовательное учреждение высшего образования "Омский государственный технический университет" |
|
| 203 |
_aТекст _bвизуальный _cнепосредственный |
||
| 210 |
_aОмск _cИзд-во ОмГТУ _d2025 |
||
| 215 |
_a250 с. _cсхемы _d21 |
||
| 300 | _aАвт. указаны на обороте тит. с. | ||
| 320 | _aБиблиогр.: с. 236-248 (86 назв.) | ||
| 606 | 1 |
_aМашиностроение _jУчебники для высших учебных заведений _xМетрологическая служба _92663127 _3RU\NLR\AUTH\6601751154 |
|
| 606 | 1 |
_aДетали машин _jУчебники для высших учебных заведений _xГеометрические параметры _xКонтроль _92427759 _3RU\NLR\AUTH\6601663643 |
|
| 686 | 1 | _aК5-7я73-1 | |
| 701 | 1 |
_7ca _8rus _aГлухов _bВ. И. _cд-р техн. наук _gВладимир Иванович _9160249 _3RU\NLR\AUTH\770160290 |
|
| 701 | 1 |
_aВарепо _bЛ. Г. _gЛариса Григорьевна |
|
| 701 | 1 |
_aТрапезникова _bО. В. _gОльга Валерьевна |
|
| 701 | 1 |
_aМартемьянов _bД. Б. _gДенис Борисович |
|
| 712 | 0 | 2 |
_4475 _aОмский государственный технический университет _3RU\NLR\AUTH\889934724 _9364485 |
| 942 | _cBOOK | ||
| 980 | _aNB | ||